Bazény AS-ARDEA.

Uložené v:
Podrobná bibliografia
Korporatívny autor: ASIO-SK s.r.o. (Robotnícka 1, 949 01 Nitra, Slovensko) (Author)
Médium: Firemný prospekt
Jazyk:Slovak
Vydané: [S.l.] : [s.n.]. [2003].
Témy:
On-line prístup:https://www.asio.sk
https://www.bazeny.sk
Fyzický popis: 1 zväzok (nestránkované).
Tagy: Pridať tag
Žiadne tagy, Buďte prvý kto otaguje tento záznam!

MARC

LEADER 00000nam a2200000 a 4500
001 000708200
005 20240124081012.0
008 240123s2003 xo e |||0 0 slo d
040 |a SVKKK  |b slo  |c SVKKK  |e AACR2 
041 0 |a slo 
044 |a xo  |c Sk 
072 7 |a 72  |x Architektúra  |2 konspekt 
080 |a 725.74  |2 2011 
080 |a (085.5)  |2 2011 
110 2 |a ASIO-SK s.r.o. (Robotnícka 1, 949 01 Nitra, Slovensko)  |4 aut 
245 1 0 |a Bazény AS-ARDEA. 
260 |c [2003].  |a [S.l.] :  |b [s.n.]. 
300 |a 1 zväzok (nestránkované). 
650 0 7 |a plavecké bazény  |2 SVKKKPH 
650 0 7 |a swimming pools  |2 SVKKKPHeng 
655 7 |a prospekty  |2 SVKKKPH 
655 7 |a prospects  |2 SVKKKPHeng 
856 4 1 |u https://www.asio.sk 
856 4 1 |u https://www.bazeny.sk 
910 |a svkkk 
998 |a FL 
090 |g SCKHL  |k Sklad Pribinova suterén  |a 725.7  |j 205114  |i 2721042157  |s Firemná-2týždne